书目信息 |
| 题名: |
权力意志
|
|
| 作者: | 尼采 著 ;孙周兴, 译 | |
| 分册: | ||
| 出版信息: | 上海 上海人民出版社 2018.05 |
|
| 页数: | 629页 | |
| 开本: | 21cm | |
| 丛书名: | 尼采四书 | |
| 单 册: | ||
| 中图分类: | B516.47 | |
| 科图分类: | ||
| 主题词: | 权力意志--quan li yi zhi | |
| 电子资源: | ||
| ISBN: | 978-7-208-15017-1 | |
| 000 | 01298nam 2200289 450 | |
| 001 | 29875 | |
| 005 | 20221116172339.16 | |
| 010 | @a978-7-208-15017-1@b精装@dCNY95.00 | |
| 100 | @a20220919d2018 em y0chiy50 ea | |
| 101 | 1 | @achi@cger |
| 102 | @aCN@b310000 | |
| 105 | @ay z 000yy | |
| 200 | 1 | @a权力意志@Aquan li yi zhi(德) 佛里德里希·尼采著@d= Der Wille Zur Macht@fFriedrich Nietzsche@g孙周兴译@zger |
| 210 | @a上海@c上海人民出版社@d2018.05 | |
| 215 | @a629页@d21cm | |
| 225 | 2 | @a尼采四书@Ani cai si shu |
| 305 | @a本书根据科利/蒙提那里考订研究版《尼采著作全集》 (KSA) 第11卷、第12卷和第13卷编选而成。 | |
| 314 | @a弗里德里希·尼采, 欧洲思想史上特立独行的天才、对中国现代文化影响最大的德国思想家。孙周兴, 1963年生, 绍兴会稽人。1992年获哲学博士学位, 1996年起任浙江大学教授。 | |
| 330 | @a本书为德国哲学家尼采的代表作。在本书中, 尼采强调, 存在者本身具有强力意志的基本特征, 他作为整体只能是同一性的永恒轮回 ; 并认为人生的目的就是实现权力意志、扩张自我。 | |
| 410 | 0 | @12001 @a尼采四书 |
| 500 | 10 | @aWille Zur Macht@mChinese |
| 606 | 0 | @a权力意志@Aquan li yi zhi |
| 690 | @aB516.47@v5 | |
| 701 | 1 | @a尼采@Ani cai@g(Nietzsche, Friedrich),@f1844-1900@4著 |
| 702 | 0 | @a孙周兴,@Asun zhou xing@f1963-@4译 |
| 801 | 0 | @aCN@c20220910 |
| 905 | @a河南城建学院图书馆@dB516.47@eN433-2@f2 | |
| 权力意志= Der Wille Zur Macht/Friedrich Nietzsche/孙周兴译.-上海:上海人民出版社,2018.05 |
| 629页;21cm.-(尼采四书) |
| ISBN 978-7-208-15017-1(精装):CNY95.00 |
| 本书为德国哲学家尼采的代表作。在本书中, 尼采强调, 存在者本身具有强力意志的基本特征, 他作为整体只能是同一性的永恒轮回 ; 并认为人生的目的就是实现权力意志、扩张自我。 |
| ● |
| 相关链接 |
|
|
|
正题名:权力意志
索取号:B516.47/N433-2
 
预约/预借
| 序号 | 登录号 | 条形码 | 馆藏地/架位号 | 状态 | 备注 |
| 1 | 1583934 | 215839341 | 社科库509/509社科库 17排4列6层/ [索取号:B516.47/N433-2] | 在馆 | |
| 2 | 1583935 | 215839350 | 社科库509/509社科库 17排4列6层/ [索取号:B516.47/N433-2] | 在馆 |